| 000 | 00584cam3a220015700 4500 | ||
|---|---|---|---|
| 005 | 20190819100242.0 | ||
| 008 | 040401 | ||
| 035 | _a(Sirsi) a146671 | ||
| 050 | 0 |
_aTD365 _bLEE 1991 |
|
| 100 | 1 |
_aLee, M. D. _6A117841.1 |
|
| 245 | 1 | 0 |
_aDrinking water source protection : _ba review of environmental factors affecting community water supplies / _cby M. D. Lee and T. F. Basteijer. |
| 260 |
_aHague: _bIRC International Water and Sanitation Centre, _c1991. |
||
| 350 | _a50 | ||
| 650 | 0 |
_aDrinking water _6S13595.1 |
|
| 700 | 0 | 0 |
_aBastemeijer, T. F. _6A117842.1 |
| 999 |
_c100642 _d100642 |
||